000 00416nam a22001697a 4500
003 NUST - PNEC
005 20170116180922.0
008 150905b xxu||||| |||| 00| 0 eng d
020 _a007044529X
040 _cLIBRARY
082 _a629.2 JAI
100 _97830
_aJain, K.K.
245 _aAutomobile engineering
_cK.K. Jain
260 _cc.2002
650 _97831
_aElectronics engineering
_xEL
942 _2ddc
_cBK
999 _c65650
_d65650